Applied discriminant analysis

Αποθηκεύτηκε σε:
Λεπτομέρειες βιβλιογραφικής εγγραφής
Κύριος συγγραφέας: Huberty, Carl J. 1934-
Μορφή: Βιβλίο
Γλώσσα:English
Δημοσίευση: New York : John Wiley and sons, c1994
Σειρά:Wiley series in probability and mathematical statistics. Applied probability and statistics
Θέματα:
Ετικέτες: Προσθήκη ετικέτας
Δεν υπάρχουν, Καταχωρήστε ετικέτα πρώτοι!

MARC

LEADER 00000nam a2200000 i 4500
001 1/72260
008 990316s1994 eng d
020 |a 0-471-31145-6 
035 |l 10048522 
040 |a GR-MY-UA  |b gre  |e aacr 
041 0 |a eng 
082 0 |a 519.535 
100 1 |a Huberty, Carl J.  |d 1934- 
245 1 0 |a Applied discriminant analysis /  |c Carl J Huberty 
260 |a New York :   |b John Wiley and sons,   |c c1994 
300 |a 466 p.  |b tables  |e 1 fd 
490 1 |a Wiley series in probability and mathematical statistics. Applied probability and statistics 
504 |a Includes bibliographical references and index 
650 0 0 |a Discriminant analysis. 
830 0 |a Wiley series in probability and mathematical statistics. Applied probability and statistics 
852 |a INST  |b LESVOS  |e 19990316  |h 519.535 HUB  |p 005100016948  |q 005100016948  |t BK  |y 0 
852 |a INST  |b LESVOS  |e 19990421  |h 519.535 HUB   |p 005100016949  |q 005100016949  |t BK  |y 0 
901 |a BIBL-1999-1 
909 |a Λ  |b 061472 
909 |a Λ  |b 065324 
922 |a 1ΕΛΗ  |b 199811  |c ΚΠΣ/ΤΠ  |d ΠΑΠΑΣΩΤΗΡΙΟΥ 
950 |a 107-1998-07-18